<?xml version="1.0" encoding="UTF-8"?><?xml-stylesheet type="text/xsl" href="static/style.xsl"?><OAI-PMH xmlns="http://www.openarchives.org/OAI/2.0/" xmlns:xsi="http://www.w3.org/2001/XMLSchema-instance" xsi:schemaLocation="http://www.openarchives.org/OAI/2.0/ http://www.openarchives.org/OAI/2.0/OAI-PMH.xsd"><responseDate>2026-04-13T03:01:41Z</responseDate><request verb="GetRecord" identifier="oai:www.recercat.cat:20.500.12328/2849" metadataPrefix="marc">https://recercat.cat/oai/request</request><GetRecord><record><header><identifier>oai:recercat.cat:20.500.12328/2849</identifier><datestamp>2025-05-20T00:03:24Z</datestamp><setSpec>com_2072_67741</setSpec><setSpec>col_2072_484352</setSpec></header><metadata><record xmlns="http://www.loc.gov/MARC21/slim" xmlns:dcterms="http://purl.org/dc/terms/" xmlns:xsi="http://www.w3.org/2001/XMLSchema-instance" xmlns:doc="http://www.lyncode.com/xoai" xsi:schemaLocation="http://www.loc.gov/MARC21/slim http://www.loc.gov/standards/marcxml/schema/MARC21slim.xsd">
   <leader>00925njm 22002777a 4500</leader>
   <datafield ind2=" " ind1=" " tag="042">
      <subfield code="a">dc</subfield>
   </datafield>
   <datafield ind2=" " ind1=" " tag="720">
      <subfield code="a">ARIAS VALLE, MARIA BELEN</subfield>
      <subfield code="e">author</subfield>
   </datafield>
   <datafield ind2=" " ind1=" " tag="720">
      <subfield code="a">Berbegal-Mirabent, Jasmina</subfield>
      <subfield code="e">author</subfield>
   </datafield>
   <datafield ind2=" " ind1=" " tag="720">
      <subfield code="a">Marimon, Frederic</subfield>
      <subfield code="e">author</subfield>
   </datafield>
   <datafield ind2=" " ind1=" " tag="260">
      <subfield code="c">2021</subfield>
   </datafield>
   <datafield ind2=" " ind1=" " tag="520">
      <subfield code="a">La importancia de la responsabilidad social universitaria (RSU) viene dada por el compromiso que asumela universidad frente a sus grupos de interés. Producto de esta importancia es la realización de la presente investigación, que tiene como objetivo analizar el nivel de desempeño en RSU que las universidades comunican. Para ello se propone un procedimiento estructurado en cinco fases que analiza elementos de dirección estratégica y contempla el uso de indicadores de RSU nucleados en los cuatro ámbitos de impacto (organizacional, educativo, cognitivo y social). Para ello se ha aplicado una metodología cualitativa, que se apoya en el uso de un software de análisis de textos así como de diagramas de araña y de frecuencia. Para ilustrar su uso y el tipo de análisis que permite, se aplica el procedimiento al caso del sistema universitario catalán, presentando los resultados a distintos niveles. El estudio finaliza con la discusión de las implicaciones, las recomendaciones y las indicaciones para futuros trabajos</subfield>
   </datafield>
   <datafield ind2=" " ind1=" " tag="520">
      <subfield code="a">The importance of university social responsibility (USR) is given by the commitment assumed by the university towards its stakeholders. This study aims at providing new insights on this topic, by analyzing the level of performance in USR that universities communicate. To this end, a structured procedure in five phases is proposed, analyzing elements of the strategic direction and considering the use of USR indicators which are grouped in the four main areas of impact (organizational, educational, cognitive and social). To do this, a qualitative approach has been followed, supported by the use of text analysis software as well as by frequency and spiderdiagrams. To illustrate its use and the type of analysis it allows, the procedure is applied to the case of the Catalan higher education system, presenting the results at different levels. The study ends with the discussion of the implications, a list of recommendations and suggestion for future works.</subfield>
   </datafield>
   <datafield ind1="8" ind2=" " tag="024">
      <subfield code="a">Arias Valle, Maria Belén; Berbegal-Mirabent, Jasmina; Marimon-Viadiu, Frederic [et al.]. How much are universities engaged with their social responsibility? Archivos Analíticos de Políticas Educativas, 2021, 29(54), p. 1-30. Disponible en: &lt;https://epaa.asu.edu/ojs/index.php/epaa/article/view/5399>. Fecha de acceso: 7 oct. 2021. DOI: 10.14507/epaa.29.5399</subfield>
   </datafield>
   <datafield ind1="8" ind2=" " tag="024">
      <subfield code="a">1068-2341</subfield>
   </datafield>
   <datafield ind1="8" ind2=" " tag="024">
      <subfield code="a">http://hdl.handle.net/20.500.12328/2849</subfield>
   </datafield>
   <datafield ind1="8" ind2=" " tag="024">
      <subfield code="a">https://dx.doi.org/10.14507/epaa.29.5399</subfield>
   </datafield>
   <datafield tag="653" ind2=" " ind1=" ">
      <subfield code="a">Responsabilitat social universitària</subfield>
   </datafield>
   <datafield tag="653" ind2=" " ind1=" ">
      <subfield code="a">Direcció estratègica</subfield>
   </datafield>
   <datafield tag="653" ind2=" " ind1=" ">
      <subfield code="a">Comunicació</subfield>
   </datafield>
   <datafield tag="653" ind2=" " ind1=" ">
      <subfield code="a">Compromís</subfield>
   </datafield>
   <datafield tag="653" ind2=" " ind1=" ">
      <subfield code="a">Sostenibilitat</subfield>
   </datafield>
   <datafield tag="653" ind2=" " ind1=" ">
      <subfield code="a">Catalunya</subfield>
   </datafield>
   <datafield tag="653" ind2=" " ind1=" ">
      <subfield code="a">Responsabilidad social universitaria</subfield>
   </datafield>
   <datafield tag="653" ind2=" " ind1=" ">
      <subfield code="a">Dirección estratégica</subfield>
   </datafield>
   <datafield tag="653" ind2=" " ind1=" ">
      <subfield code="a">Comunicación</subfield>
   </datafield>
   <datafield tag="653" ind2=" " ind1=" ">
      <subfield code="a">Compromiso</subfield>
   </datafield>
   <datafield tag="653" ind2=" " ind1=" ">
      <subfield code="a">Sostenibilidad</subfield>
   </datafield>
   <datafield tag="653" ind2=" " ind1=" ">
      <subfield code="a">Cataluña</subfield>
   </datafield>
   <datafield tag="653" ind2=" " ind1=" ">
      <subfield code="a">University social responsibility</subfield>
   </datafield>
   <datafield tag="653" ind2=" " ind1=" ">
      <subfield code="a">Strategic direction</subfield>
   </datafield>
   <datafield tag="653" ind2=" " ind1=" ">
      <subfield code="a">Communication</subfield>
   </datafield>
   <datafield tag="653" ind2=" " ind1=" ">
      <subfield code="a">Commitment</subfield>
   </datafield>
   <datafield tag="653" ind2=" " ind1=" ">
      <subfield code="a">Sustainability</subfield>
   </datafield>
   <datafield tag="653" ind2=" " ind1=" ">
      <subfield code="a">Catalonia</subfield>
   </datafield>
   <datafield ind2="0" ind1="0" tag="245">
      <subfield code="a">¿Son las universidades socialmente responsables?</subfield>
   </datafield>
</record></metadata></record></GetRecord></OAI-PMH>